01750nam a2200241Ia 4500001000600000003000900006008004100015040001300056040001300069041001200082100001700094100002900111245001800140245001800158250001100176260001100187260002600198260004900224300004100273500112400314650003901438650003101477E7951IT-RoPAU130308s9999 xx 000 0 und d aIT-RoPAU cIT-RoPAU aINGLESE aPrice Stuart gCodice Aut. SPICS: 49826 aMedia Studies bMedia Studies a2a ed. aLONDON bLongman Group Limited c1997 [1° Ed.:1993 - Ed.Ling.Originale:1993] a"447 p. (prefazione: 8; testo: 439)" aStudi dei Media. Comunicazione: Produzione di Contenuto Simbolico, Elementi, Caratteristiche, Processi. Potere, Comunicazione di Massa e Società. Formazione del Soggetto: Lacan, Piaget, Chomsky. Semiologia, Discorso, Concetto di Persuasione, Propaganda, Elezioni (Politiche 1992). Audience: Significato, Ricerca di David Morley. Pubblicita': Formati, Economia, Pubblicità televisiva (Analisi di Bupa, Healthy Option, Volkswagen Passat, Granada. Fotografia: Sviluppo Storico e Tecnologico, Semiologia e Fotografia, Fotogiornalismo, Fotomontaggio (Heartfield/John). Cinema: Cinema Muto, campi e Piani, Narrazione Cinematografica, Genere, Film Tratti da Libri, Spettatore, Film e Società (Cinema Sovietico, Indiano). Televisione: impatto Sociale, Studio della Televisione, Forma e Contenuto, Analisi di Days Of Hope 1975, The Monocled Mutineer (1986), Effetti dei Media. Stampa: breve Storia della Stampa Inglese, Neutralità e Imparzialità, giornale The Sun, Fumetti. Musica: Industria, Hip Hop, Rap, censura Negli Stati Uniti. Bibliografia.Ogni Capitolo è Corredato di una scheda per Il Lavoro degli Studenti. aTEORIA DELLA COMUNICAZIONE SOCIALE eCodice materia Spics: 3802